[Event "Novi Sad TS GM/IM Mix 189th"]
[Site "Novi Sad"]
[Date "2024.03.03"]
[Round "6"]
[White "Sutormin, Daniel"]
[Black "Ahmadzada, Ahmad Samir"]
[Result "1/2-1/2"]
[WhiteElo "2325"]
[BlackElo "2501"]
[PlyCount "59"]
[EventDate "2024.02.29"]
[EventType "swiss"]
[EventRounds "9"]
[EventCountry "SRB"]
[SourceTitle "CB12_2024"]
[SourceDate "2023.10.01"]
[SourceVersion "1"]
[SourceVersionDate "2023.10.01"]
[SourceQuality "1"]

1. d4 Nf6 2. c4 e6 3. Nc3 Bb4 4. Qc2 d5 5. a3 Bxc3+ 6. Qxc3 0-0 7. Nf3 dxc4 8. Qxc4 b6 9. Bg5 Ba6 10. Qa4 c5 11. dxc5 bxc5 12. h4 Qb6 13. Bxf6 gxf6 14. Rb1 Rd8 15. e3 Bb7 16. Nd2 Nd7 17. Qf4 Kf8 18. Rh3 Ke7 19. g4 Rac8 20. Be2 Qc7 21. Qxc7 Rxc7 22. e4 Ne5 23. Rc3 Rcd7 24. Rd1 Nd3+ 25. Bxd3 Rxd3 26. Rxd3 Rxd3 27. Rc1 Kd6 28. Nc4+ Ke7 29. Nd2 Kd6 30. Nc4+ 1/2-1/2

[Event "Novi Sad TS GM/IM Mix 189th"]
[Site "Novi Sad"]
[Date "2024.03.01"]
[Round "3"]
[White "Ahmadzada, Ahmad Samir"]
[Black "Yordanov, Lachezar"]
[Result "1-0"]
[WhiteElo "2501"]
[BlackElo "2299"]
[PlyCount "73"]
[EventDate "2024.02.29"]
[EventType "swiss"]
[EventRounds "9"]
[EventCountry "SRB"]
[SourceTitle "CB12_2024"]
[SourceDate "2023.10.01"]
[SourceVersion "1"]
[SourceVersionDate "2023.10.01"]
[SourceQuality "1"]

1. e4 c5 2. Nf3 d6 3. d4 cxd4 4. Nxd4 Nf6 5. Nc3 a6 6. Bg5 e6 7. f4 Be7 8. Qf3 Qc7 9. 0-0-0 Nbd7 10. g4 h6 11. Bxf6 Bxf6 12. h4 Nb6 13. g5 Bxd4 14. Rxd4 Qc5 15. Rd3 Bd7 16. gxh6 gxh6 17. Be2 0-0-0 18. Rhd1 Bc6 19. Rd4 d5 20. Qf2 Kb8 21. Bf3 Rd7 22. exd5 Nxd5 23. Bxd5 Bxd5 24. f5 Rhd8 25. Qf4+ Ka7 26. Qxh6 exf5 27. h5 Bc6 28. Rxd7 Rxd7 29. Rxd7 Bxd7 30. Qf4 Qg1+ 31. Kd2 Qg2+ 32. Ne2 Bb5 33. c4 Bc6 34. h6 Ka8 35. Qg3 Qh1 36. Qg8+ Ka7 37. Qg1+ 1-0

[Event "Senta Fantastico op 02"]
[Site "Senta"]
[Date "2024.02.27"]
[Round "9"]
[White "Kovalev, Vladislav"]
[Black "Ahmadzada, Ahmad Samir"]
[Result "1/2-1/2"]
[WhiteElo "2579"]
[BlackElo "2501"]
[PlyCount "53"]
[EventDate "2024.02.22"]
[EventType "swiss"]
[EventRounds "9"]
[EventCountry "SRB"]
[SourceTitle "CB10_2024"]
[SourceDate "2024.03.06"]
[SourceVersion "1"]
[SourceVersionDate "2024.03.06"]
[SourceQuality "1"]

1. e4 e5 2. Nf3 Nc6 3. Bb5 a6 4. Ba4 Nf6 5. 0-0 Be7 6. d3 b5 7. Bb3 d6 8. c3 0-0 9. a4 Bd7 10. Ba2 Rb8 11. h3 h6 12. axb5 axb5 13. Be3 Re8 14. Nbd2 Bf8 15. g4 Qc8 16. Kh2 Nh7 17. Rg1 Be6 18. g5 hxg5 19. Nxg5 Nxg5 20. Rxg5 Bxa2 21. Rxa2 Qe6 22. Ra1 Ra8 23. Rb1 Ne7 24. Qh5 g6 25. Qe2 Bh6 26. Rg3 Bxe3 27. Qxe3 1/2-1/2

[Event "Pozarevac Rudar GM 02"]
[Site "Pozarevac"]
[Date "2024.02.15"]
[Round "9"]
[White "Ahmadzada, Ahmad Samir"]
[Black "Apaar, Saxena"]
[Result "1-0"]
[WhiteElo "2501"]
[BlackElo "2270"]
[PlyCount "79"]
[EventDate "2024.02.08"]
[EventType "tourn"]
[EventRounds "9"]
[EventCountry "SRB"]
[EventCategory "7"]
[SourceTitle "CB08_2024"]
[SourceDate "2024.02.21"]
[SourceVersion "1"]
[SourceVersionDate "2024.02.21"]
[SourceQuality "1"]

1. e4 e5 2. Nf3 Nc6 3. Bc4 d6 4. d4 Nf6 5. c3 Bg4 6. Be3 Be7 7. d5 Nb8 8. Bd3 0-0 9. c4 a5 10. Nc3 Na6 11. Be2 Nd7 12. Nd2 Bxe2 13. Qxe2 Nac5 14. h4 c6 15. g3 Qb6 16. Rb1 Qd8 17. b3 f5 18. exf5 Rxf5 19. a3 cxd5 20. Nxd5 e4 21. 0-0 Nf6 22. Nxf6+ Bxf6 23. b4 axb4 24. axb4 Nd3 25. Nxe4 Ne5 26. f4 Nc6 27. g4 d5 28. Ng3 Nd4 29. Qd2 Ra3 30. Nxf5 Nxf5 31. gxf5 d4 32. Bf2 Bxh4 33. Ra1 Rh3 34. Rfe1 Rf3 35. Re2 d3 36. Kg2 Qf6 37. Ra8+ Kf7 38. Kxf3 dxe2 39. Qd5+ Ke7 40. Bc5+ 1-0

[Event "Pozarevac Rudar GM 02"]
[Site "Pozarevac"]
[Date "2024.02.14"]
[Round "8"]
[White "Krishna Teja, N."]
[Black "Ahmadzada, Ahmad Samir"]
[Result "1/2-1/2"]
[WhiteElo "2349"]
[BlackElo "2501"]
[PlyCount "23"]
[EventDate "2024.02.08"]
[EventType "tourn"]
[EventRounds "9"]
[EventCountry "SRB"]
[EventCategory "7"]
[SourceTitle "CB08_2024"]
[SourceDate "2024.02.21"]
[SourceVersion "1"]
[SourceVersionDate "2024.02.21"]
[SourceQuality "1"]

1. Nf3 c5 2. c4 Nc6 3. Nc3 e5 4. g3 g6 5. Bg2 Bg7 6. 0-0 Nge7 7. a3 a5 8. Ne1 d6 9. Nc2 Be6 10. Ne3 0-0 11. d3 Qd7 12. Ned5 1/2-1/2

[Event "Pozarevac Rudar GM 02"]
[Site "Pozarevac"]
[Date "2024.02.13"]
[Round "7"]
[White "Garifullina, Leya"]
[Black "Ahmadzada, Ahmad Samir"]
[Result "1/2-1/2"]
[WhiteElo "2422"]
[BlackElo "2501"]
[PlyCount "28"]
[EventDate "2024.02.08"]
[EventType "tourn"]
[EventRounds "9"]
[EventCountry "SRB"]
[EventCategory "7"]
[SourceTitle "CB08_2024"]
[SourceDate "2024.02.21"]
[SourceVersion "1"]
[SourceVersionDate "2024.02.21"]
[SourceQuality "1"]

1. d4 Nf6 2. c4 e6 3. g3 c5 4. d5 exd5 5. cxd5 d6 6. Nc3 g6 7. Nf3 Bg7 8. Bg2 0-0 9. 0-0 Re8 10. Re1 Na6 11. Nd2 Ng4 12. h3 Ne5 13. f4 Nd7 14. Kh2 Rb8 1/2-1/2

[Event "Pozarevac Rudar GM 02"]
[Site "Pozarevac"]
[Date "2024.02.11"]
[Round "4"]
[White "Ahmadzada, Ahmad Samir"]
[Black "Velpula, Sarayu"]
[Result "1-0"]
[WhiteElo "2501"]
[BlackElo "2444"]
[PlyCount "69"]
[EventDate "2024.02.08"]
[EventType "tourn"]
[EventRounds "9"]
[EventCountry "SRB"]
[EventCategory "7"]
[SourceTitle "CB08_2024"]
[SourceDate "2024.02.21"]
[SourceVersion "1"]
[SourceVersionDate "2024.02.21"]
[SourceQuality "1"]

1. e4 c5 2. Nf3 d6 3. d4 cxd4 4. Nxd4 Nf6 5. Nc3 a6 6. g3 e5 7. Nf3 Be7 8. Bg2 b5 9. a4 bxa4 10. Rxa4 Nbd7 11. 0-0 Nc5 12. Ra1 Bb7 13. Nh4 g6 14. Bh6 Nfxe4 15. Nxe4 Nxe4 16. Qe2 d5 17. Bg7 Rg8 18. Bxe5 Bxh4 19. gxh4 f6 20. Bd4 Kf7 21. Rfe1 Re8 22. Qe3 Qc7 23. c3 Ng5 24. Qd2 Ne6 25. Qh6 Kg8 26. Bxf6 Qf7 27. Be5 Nc5 28. Rad1 Ne4 29. Bd4 Re7 30. Rd3 Nd6 31. Rxe7 Qxe7 32. Re3 Qf7 33. Bh3 Bc8 34. Qg5 Bxh3 35. Qe5 1-0

[Event "Pozarevac Rudar GM 02"]
[Site "Pozarevac"]
[Date "2024.02.10"]
[Round "3"]
[White "Sutormin, Danila"]
[Black "Ahmadzada, Ahmad Samir"]
[Result "0-1"]
[WhiteElo "2325"]
[BlackElo "2501"]
[PlyCount "50"]
[EventDate "2024.02.08"]
[EventType "tourn"]
[EventRounds "9"]
[EventCountry "SRB"]
[EventCategory "7"]
[SourceTitle "CB08_2024"]
[SourceDate "2024.02.21"]
[SourceVersion "1"]
[SourceVersionDate "2024.02.21"]
[SourceQuality "1"]

1. e4 c5 2. c3 Nf6 3. e5 Nd5 4. Bc4 e6 5. d4 cxd4 6. cxd4 d6 7. Nf3 Be7 8. 0-0 0-0 9. Qe2 Bd7 10. Nc3 Nxc3 11. bxc3 Bc6 12. Bf4 Bxf3 13. Qxf3 Nc6 14. Rfe1 dxe5 15. dxe5 Qc7 16. Qg4 Rfd8 17. Re3 g6 18. Bxe6 fxe6 19. Qxe6+ Kh8 20. Rh3 Qd7 21. Qb3 Qf5 22. Be3 b6 23. Re1 Nxe5 24. Bd4 Bf6 25. Rhe3 Ng4 0-1

[Event "Pozarevac Rudar GM-B 01"]
[Site "Pozarevac"]
[Date "2024.02.01"]
[Round "2.1"]
[White "Ahmadzada, Ahmad Samir"]
[Black "Krishna Teja, N."]
[Result "1-0"]
[WhiteElo "2501"]
[BlackElo "2349"]
[PlyCount "63"]
[EventDate "2024.01.31"]
[EventType "tourn"]
[EventRounds "9"]
[EventCountry "SRB"]
[SourceTitle "CB07_2024"]
[SourceDate "2024.02.14"]
[SourceVersion "1"]
[SourceVersionDate "2024.02.14"]
[SourceQuality "1"]
[WhiteTeam "TIeam A"]
[BlackTeam "TIeam C"]
[WhiteTeamCountry "SRB"]
[BlackTeamCountry "SRB"]

1. e4 e5 2. Nf3 Nc6 3. Bc4 d6 4. d4 Be7 5. dxe5 dxe5 6. Qe2 Nf6 7. 0-0 0-0 8. Rd1 Bd6 9. Bg5 h6 10. Bh4 Bg4 11. c3 g5 12. Bg3 Nh5 13. Bd5 Qf6 14. Nbd2 Nd8 15. h3 Bd7 16. Nc4 Bb5 17. a4 Bxc4 18. Bxc4 Ne6 19. Nh2 Nef4 20. Bxf4 Nxf4 21. Qf3 h5 22. Nf1 a5 23. Ne3 Rad8 24. Nf5 Bc5 25. Kf1 Rxd1+ 26. Rxd1 Rd8 27. Rxd8+ Qxd8 28. g3 Ng6 29. Nh6+ Kg7 30. Qxh5 Qd2 31. Ng4 Kf8 32. Qh7 1-0

[Event "Pozarevac Rudar GM 01"]
[Site "Pozarevac"]
[Date "2024.01.27"]
[Round "5.1"]
[White "Akbas, Umut Ata"]
[Black "Ahmadzada, Ahmad Samir"]
[Result "1/2-1/2"]
[WhiteElo "2438"]
[BlackElo "2501"]
[PlyCount "77"]
[EventDate "2024.01.24"]
[EventType "tourn"]
[EventRounds "9"]
[EventCountry "SRB"]
[SourceTitle "CB06_2024"]
[SourceDate "2024.02.07"]
[SourceVersion "1"]
[SourceVersionDate "2024.02.07"]
[SourceQuality "1"]
[WhiteTeam "Team C"]
[BlackTeam "Team A"]
[WhiteTeamCountry "SRB"]
[BlackTeamCountry "SRB"]

1. d4 Nf6 2. c4 g6 3. Nc3 Bg7 4. e4 d6 5. Be2 0-0 6. Be3 c5 7. d5 Re8 8. Nf3 e6 9. Nd2 Bd7 10. a4 Na6 11. 0-0 Nb4 12. h3 h6 13. Bf4 e5 14. Be3 Nh7 15. Nb5 Qe7 16. Nb3 Rec8 17. Qd2 Ng5 18. Nc3 Rf8 19. Nc1 f5 20. exf5 gxf5 21. f4 exf4 22. Bxf4 Ne4 23. Qd1 Qh4 24. Ra3 Bd4+ 25. Kh2 Bf2 26. Nxe4 Qxf4+ 27. Ng3 Qd4 28. Rf3 Qxd1 29. Bxd1 Bd4 30. b3 Be5 31. Kh1 f4 32. Nge2 Rae8 33. Nd3 Nxd3 34. Rxd3 Bf5 35. Rdf3 Be4 36. R3f2 Bd3 37. Rf3 Be4 38. R3f2 Bd3 39. Rf3 1/2-1/2

[Event "Pozarevac Rudar GM 01"]
[Site "Pozarevac"]
[Date "2024.01.26"]
[Round "4.1"]
[White "Ahmadzada, Ahmad Samir"]
[Black "Velpula, Sarayu"]
[Result "1/2-1/2"]
[WhiteElo "2501"]
[BlackElo "2444"]
[PlyCount "56"]
[EventDate "2024.01.24"]
[EventType "tourn"]
[EventRounds "9"]
[EventCountry "SRB"]
[SourceTitle "CB06_2024"]
[SourceDate "2024.02.07"]
[SourceVersion "1"]
[SourceVersionDate "2024.02.07"]
[SourceQuality "1"]
[WhiteTeam "Team A"]
[BlackTeam "Team D"]
[WhiteTeamCountry "SRB"]
[BlackTeamCountry "SRB"]

1. e4 c5 2. Nf3 d6 3. d4 cxd4 4. Nxd4 Nf6 5. Nc3 a6 6. Bc4 e6 7. a4 Be7 8. 0-0 0-0 9. Be3 Nxe4 10. Nxe4 d5 11. Bd3 dxe4 12. Bxe4 f5 13. Bd3 e5 14. Bc4+ Kh8 15. Nf3 Qc7 16. Qd5 Nc6 17. a5 e4 18. Bb6 Qb8 19. Ne1 Bd6 20. g3 Ne5 21. Rd1 Nxc4 22. Qxc4 Bd7 23. Qd4 Rf6 24. Ng2 Bc6 25. Ne3 Be5 26. Qc5 Bd6 27. Qd4 Be5 28. Qc5 Bd6 1/2-1/2

[Event "Umraniye White Elephant 32nd"]
[Site "Umraniye"]
[Date "2023.10.28"]
[Round "5"]
[White "Kamer, Kayra"]
[Black "Ahmadzada, Ahmad Samir"]
[Result "1/2-1/2"]
[WhiteElo "2302"]
[BlackElo "2494"]
[PlyCount "58"]
[EventDate "2023.10.25"]
[EventType "swiss"]
[EventRounds "7"]
[EventCountry "TUR"]
[SourceTitle "Mega2024 Update 01"]
[Source "Chessbase"]
[SourceDate "2023.11.12"]
[SourceVersion "1"]
[SourceVersionDate "2023.11.12"]
[SourceQuality "1"]

1. Nf3 c5 2. g3 Nc6 3. Bg2 e5 4. d3 g6 5. 0-0 Bg7 6. c3 Nge7 7. e4 0-0 8. Nbd2 d6 9. a3 a5 10. a4 h6 11. Nc4 Be6 12. b3 d5 13. exd5 Nxd5 14. Bb2 Qc7 15. Re1 Rad8 16. Qc2 Rfe8 17. Re2 Bf5 18. Nfd2 Nb6 19. Be4 Bg4 20. Ree1 Nc8 21. Bxc6 Qxc6 22. Nxa5 Qd5 23. Ne4 b6 24. Nc4 Bd7 25. Ne3 Qe6 26. c4 Ne7 27. a5 f5 28. Nc3 bxa5 29. Ncd5 Qd6 1/2-1/2

[Event "Qatar Masters op"]
[Site "Doha"]
[Date "2023.10.14"]
[Round "4"]
[White "Aravindh, Chithambaram VR"]
[Black "Ahmadzada, Ahmad Samir"]
[Result "0-1"]
[WhiteElo "2649"]
[BlackElo "2494"]
[PlyCount "134"]
[EventDate "2023.10.11"]
[EventType "swiss"]
[EventRounds "9"]
[EventCountry "QAT"]
[SourceTitle "Mega2024 Update 01"]
[Source "Chessbase"]
[SourceDate "2023.11.12"]
[SourceVersion "1"]
[SourceVersionDate "2023.11.12"]
[SourceQuality "1"]

1. d4 Nf6 2. c4 e6 3. Nf3 d5 4. g3 Be7 5. Bg2 0-0 6. 0-0 dxc4 7. Qc2 a6 8. a4 Bd7 9. Qxc4 Bc6 10. Bg5 Nbd7 11. Nc3 h6 12. Bxf6 Nxf6 13. a5 Bd5 14. Qd3 c5 15. e4 Bc6 16. Rfd1 cxd4 17. Nxd4 Qc7 18. Qc4 Rfc8 19. Nxc6 bxc6 20. b4 Rcb8 21. Rab1 Nd7 22. f4 Nf6 23. Bf3 e5 24. Nd5 Qa7+ 25. Nb6 Bd8 26. fxe5 Bxb6+ 27. axb6 Rxb6 28. Kg2 Nd7 29. e6 Ne5 30. Qc5 Rb5 31. Qxa7 Rxa7 32. Rd8+ Kh7 33. Be2 Rbb7 34. Re8 a5 35. exf7 Nxf7 36. e5 axb4 37. Bc4 c5 38. Rf1 g6 39. Bd5 Rc7 40. Rf4 Kg7 41. e6 Nd6 42. Rd8 Nf5 43. Kf2 h5 44. h3 Kh6 45. g4 hxg4 46. Rxg4 Kg7 47. Rg8+ Kf6 48. R8xg6+ Ke5 49. Bc4 Ra3 50. Rg1 Re7 51. Rc1 Nd4 52. Rg5+ Kd6 53. h4 b3 54. Rb1 Ra2+ 55. Ke3 Rh2 56. Rd5+ Kc6 57. Rxd4 Rh3+ 58. Ke4 Rxh4+ 59. Ke5 Rxd4 60. Bxb3 Rb7 61. Bc2 Rd5+ 62. Kf6 Rxb1 63. Bxb1 Kd6 64. Kf7 Re5 65. Ba2 Re2 66. Bb3 Re3 67. Ba2 Re4 0-1

[Event "Titled Tuesday intern op 26th Sep Early"]
[Site "Chess.com INT"]
[Date "2023.09.26"]
[Round "1"]
[White "Ahmadzada, Ahmad Samir"]
[Black "Herman, Matthew J"]
[Result "1-0"]
[WhiteElo "2505"]
[BlackElo "2383"]
[PlyCount "47"]
[EventDate "2023.09.26"]
[EventType "swiss (blitz)"]
[EventRounds "11"]
[EventCountry "USA"]
[SourceTitle "EXT 2024"]
[Source "ChessBase"]
[SourceDate "2023.10.10"]
[SourceVersion "1"]
[SourceVersionDate "2023.10.10"]
[SourceQuality "1"]

1. Nf3 Nf6 2. d4 g6 3. Bf4 Bg7 4. Nc3 d5 5. e3 0-0 6. h3 c5 7. Be2 cxd4 8. exd4 Nc6 9. 0-0 Ne4 10. Bd3 Bf5 11. Re1 Nxd4 12. Nxe4 dxe4 13. Bxe4 Bxe4 14. Rxe4 Nxf3+ 15. Qxf3 Bxb2 16. Rb1 Bf6 17. Rxb7 Qd5 18. Rc7 Qxa2 19. Bh6 Qa1+ 20. Kh2 Be5+ 21. g3 Bxc7 22. Rxe7 Bb6 23. c3 Qb2 24. Re2 1-0

[Event "Titled Tuesday intern op 26th Sep Early"]
[Site "Chess.com INT"]
[Date "2023.09.26"]
[Round "2"]
[White "Sidorika, Vladislav"]
[Black "Ahmadzada, Ahmad Samir"]
[Result "1-0"]
[WhiteElo "2294"]
[BlackElo "2505"]
[PlyCount "41"]
[EventDate "2023.09.26"]
[EventType "swiss (blitz)"]
[EventRounds "11"]
[EventCountry "USA"]
[SourceTitle "EXT 2024"]
[Source "ChessBase"]
[SourceDate "2023.10.10"]
[SourceVersion "1"]
[SourceVersionDate "2023.10.10"]
[SourceQuality "1"]

1. c4 c5 2. g3 Nc6 3. Bg2 g6 4. Nc3 Bg7 5. Nf3 e5 6. 0-0 Nge7 7. a3 a5 8. Ne1 d6 9. Nc2 0-0 10. d3 f5 11. Ne3 f4 12. Ned5 g5 13. e3 Ng6 14. Ne4 Be6 15. Qh5 f3 16. Bxf3 Kh8 17. Nxg5 Bg8 18. Be4 Bf6 19. Nxh7 Bxh7 20. Bxg6 Qd7 21. Nb6 1-0

[Event "Istanbul Bagcilar op"]
[Site "Istanbul"]
[Date "2023.09.06"]
[Round "5"]
[White "Abdisalimov, Abdimalik"]
[Black "Ahmadzada, Ahmad Samir"]
[Result "1-0"]
[WhiteElo "2476"]
[BlackElo "2505"]
[PlyCount "73"]
[EventDate "2023.09.03"]
[EventType "swiss"]
[EventRounds "9"]
[EventCountry "TUR"]
[SourceTitle "EXT 2024"]
[Source "ChessBase"]
[SourceDate "2023.10.10"]
[SourceVersion "1"]
[SourceVersionDate "2023.10.10"]
[SourceQuality "1"]

1. d4 Nf6 2. c4 e6 3. Nc3 Bb4 4. Qc2 0-0 5. e4 d5 6. e5 Ne4 7. a3 Bxc3+ 8. bxc3 c5 9. Bb2 cxd4 10. cxd4 Qa5+ 11. Ke2 Bd7 12. f3 Ba4 13. Qc1 Rc8 14. Ke3 Nd6 15. exd6 dxc4 16. Ne2 Nd7 17. Qe1 Qb6 18. Qb4 Qc6 19. Nc3 b5 20. Nxa4 bxa4 21. Rc1 Nb6 22. Kf2 Rab8 23. Qd2 Qxd6 24. Be2 Rc7 25. g3 Rbc8 26. Rc2 h5 27. Rhc1 e5 28. Qd1 Rd8 29. Bxc4 exd4 30. Bd3 Re7 31. Rd2 Qf6 32. Bf1 Red7 33. f4 h4 34. Qf3 Qe7 35. Kg1 Rd5 36. Rcd1 h3 37. Rxd4 1-0

[Event "Titled Tuesday intern op 22nd Aug Late"]
[Site "Chess.com INT"]
[Date "2023.08.22"]
[Round "8"]
[White "Ahmadzada, Ahmad Samir"]
[Black "Martinez Alcantara, Jose Eduardo"]
[Result "0-1"]
[WhiteElo "2519"]
[BlackElo "2619"]
[PlyCount "108"]
[EventDate "2023.08.22"]
[EventType "swiss (blitz)"]
[EventRounds "11"]
[EventCountry "USA"]
[SourceTitle "EXT 2024"]
[Source "ChessBase"]
[SourceDate "2023.10.10"]
[SourceVersion "1"]
[SourceVersionDate "2023.10.10"]
[SourceQuality "1"]

1. e4 c5 2. Nf3 d6 3. d4 cxd4 4. Nxd4 Nf6 5. Nc3 Nc6 6. Be2 e5 7. Nf3 h6 8. 0-0 Be6 9. Re1 Be7 10. Bf1 0-0 11. Nd5 Bxd5 12. exd5 Nb4 13. Bc4 Rc8 14. Bb3 Na6 15. c3 Nh7 16. Be3 Nc5 17. Qe2 Kh8 18. Rad1 Qc7 19. Bc2 f5 20. Bc1 Rce8 21. a4 Nd7 22. g3 Rf7 23. Be3 a6 24. Bc1 Ref8 25. Kh1 Qc8 26. a5 g5 27. c4 g4 28. Nd2 Bg5 29. b4 h5 30. Bb2 Qc7 31. c5 dxc5 32. Nc4 Bf6 33. Bxf5 Bg7 34. d6 Qc6+ 35. Be4 Qb5 36. Rf1 cxb4 37. h4 gxh3 38. Rd5 Qa4 39. Bxh7 Kxh7 40. Nxe5 Nxe5 41. Bxe5 Qc6 42. Qxh5+ Kg8 43. Bxg7 Rxg7 44. Kh2 b3 45. Rd2 Rd8 46. f3 b2 47. Re1 Qd7 48. Re7 Rxe7 49. dxe7 Qxd2+ 50. Kxh3 Qd7+ 51. g4 Qxe7 52. Qg6+ Qg7 53. Qe6+ Qf7 54. Qe5 Qxf3+ 0-1

[Event "Titled Tuesday intern op 22nd Aug Late"]
[Site "Chess.com INT"]
[Date "2023.08.22"]
[Round "1"]
[White "Ahmadzada, Ahmad Samir"]
[Black "Mickiewicz, Piotr"]
[Result "1-0"]
[WhiteElo "2519"]
[BlackElo "2243"]
[PlyCount "85"]
[EventDate "2023.08.22"]
[EventType "swiss (blitz)"]
[EventRounds "11"]
[EventCountry "USA"]
[SourceTitle "EXT 2024"]
[Source "ChessBase"]
[SourceDate "2023.10.10"]
[SourceVersion "1"]
[SourceVersionDate "2023.10.10"]
[SourceQuality "1"]

1. e4 c6 2. Nf3 d5 3. Nc3 dxe4 4. Nxe4 Nf6 5. Nxf6+ exf6 6. Bc4 Bd6 7. 0-0 0-0 8. h3 Nd7 9. d4 a5 10. Bd3 Re8 11. c4 g6 12. Be3 Nf8 13. Re1 Bd7 14. Qb3 Qc7 15. c5 Bf4 16. Bxf4 Qxf4 17. Rxe8 Rxe8 18. Qxb7 Bxh3 19. Qxc6 Rc8 20. Qd6 Qxd6 21. cxd6 Be6 22. Nd2 Rd8 23. Nc4 Bxc4 24. Bxc4 Rxd6 25. d5 Nd7 26. Rd1 Nb6 27. b3 a4 28. Kf1 axb3 29. Bxb3 Kf8 30. Ke2 Rd8 31. Ke3 Ke7 32. Kd4 h5 33. Rc1 Ra8 34. Rc6 Nd7 35. d6+ Ke8 36. Rc7 Ne5 37. f4 Nd7 38. a4 f5 39. a5 Kd8 40. Bxf7 Rxa5 41. Be6 Ra4+ 42. Kc3 Nb6 43. Rg7 1-0

[Event "Titled Tuesday intern op 22nd Aug Late"]
[Site "Chess.com INT"]
[Date "2023.08.22"]
[Round "7"]
[White "Ahmadzada, Ahmad Samir"]
[Black "Zarubitski, Viachaslau"]
[Result "1-0"]
[WhiteElo "2519"]
[BlackElo "2423"]
[PlyCount "91"]
[EventDate "2023.08.22"]
[EventType "swiss (blitz)"]
[EventRounds "11"]
[EventCountry "USA"]
[SourceTitle "EXT 2024"]
[Source "ChessBase"]
[SourceDate "2023.10.10"]
[SourceVersion "1"]
[SourceVersionDate "2023.10.10"]
[SourceQuality "1"]

1. Nf3 Nf6 2. g3 g6 3. Bg2 Bg7 4. 0-0 0-0 5. d3 d5 6. c3 c5 7. Bf4 Nc6 8. Ne5 Bd7 9. Nxc6 Bxc6 10. Be5 Re8 11. d4 Qb6 12. Qb3 Qxb3 13. axb3 cxd4 14. cxd4 Nd7 15. Bxg7 Kxg7 16. Nc3 e6 17. Ra5 b6 18. Ra3 a5 19. Rfa1 Rab8 20. e3 Rec8 21. Bf1 Nf6 22. f3 Ne8 23. Ba6 Rc7 24. Rc1 Nd6 25. Bd3 Bb5 26. Bb1 Bd7 27. Ra1 Rbc8 28. Bd3 Bb5 29. Bb1 Ba6 30. Rd1 Bb5 31. Kf2 Kf6 32. e4 dxe4 33. fxe4 Ke7 34. e5 Nf5 35. Nxb5 Rd7 36. Be4 Rcd8 37. Bxf5 gxf5 38. Nd6 h5 39. Rac1 h4 40. Rc8 hxg3+ 41. hxg3 Rxc8 42. Nxc8+ Kd8 43. Nd6 Rc7 44. Ke3 Ke7 45. Kd2 Ra7 46. Nc8+ 1-0

[Event "Titled Tuesday intern op 22nd Aug Late"]
[Site "Chess.com INT"]
[Date "2023.08.22"]
[Round "2"]
[White "Postlmayer, Jakob"]
[Black "Ahmadzada, Ahmad Samir"]
[Result "0-1"]
[WhiteElo "2347"]
[BlackElo "2519"]
[PlyCount "126"]
[EventDate "2023.08.22"]
[EventType "swiss (blitz)"]
[EventRounds "11"]
[EventCountry "USA"]
[SourceTitle "EXT 2024"]
[Source "ChessBase"]
[SourceDate "2023.10.10"]
[SourceVersion "1"]
[SourceVersionDate "2023.10.10"]
[SourceQuality "1"]

1. d4 Nf6 2. Nf3 e6 3. e3 d5 4. Bd3 c5 5. b3 Nc6 6. 0-0 Bd6 7. dxc5 Bxc5 8. Bb2 0-0 9. Nbd2 Qe7 10. c4 e5 11. cxd5 Nxd5 12. a3 Rd8 13. Qc2 h6 14. b4 Bxe3 15. fxe3 Nxe3 16. Qc3 Nxf1 17. Rxf1 f6 18. Ne4 Be6 19. Nc5 Bf7 20. Bb1 b6 21. Ne4 Rac8 22. Qe3 Rc7 23. Ng3 Kh8 24. Qe4 g6 25. Nh4 Rg8 26. Qe3 Be8 27. Ne4 f5 28. Nxf5 gxf5 29. Qxh6+ Qh7 30. Qxh7+ Rxh7 31. Nf6 Rhg7 32. Nxg8 Kxg8 33. Rxf5 Bg6 34. Rf1 Bxb1 35. Rxb1 Rd7 36. Re1 Rd5 37. h4 b5 38. Re2 Kf7 39. Kh2 Kg6 40. Kh3 Kf5 41. Rf2+ Ke4 42. h5 Rd6 43. g4 Nd8 44. g5 Ne6 45. Kg4 Rd1 46. g6 Rg1+ 47. Kh3 Nf4+ 48. Kh2 Rg5 49. Bc1 Rxh5+ 50. Kg3 Rg5+ 51. Kh4 Rxg6 52. Bxf4 exf4 53. Re2+ Kf3 54. Re5 Rg1 55. Rxb5 Rh1+ 56. Kg5 Kg3 57. Rb7 f3 58. Rxa7 f2 59. Rf7 Ra1 60. Rf4 Rxa3 61. Rg4+ Kh2 62. Rf4 Kg2 63. Kf5 Rf3 0-1

[Event "Abu Dhabi op 29th"]
[Site "Abu Dhabi"]
[Date "2023.08.17"]
[Round "2"]
[White "Sanket, Chakravarty"]
[Black "Ahmadzada, Ahmad Samir"]
[Result "1-0"]
[WhiteElo "2385"]
[BlackElo "2519"]
[PlyCount "77"]
[EventDate "2023.08.16"]
[EventType "swiss"]
[EventRounds "9"]
[EventCountry "UAE"]
[SourceTitle "EXT 2024"]
[Source "ChessBase"]
[SourceDate "2023.10.10"]
[SourceVersion "1"]
[SourceVersionDate "2023.10.10"]
[SourceQuality "1"]

1. c4 e5 2. g3 Nf6 3. Bg2 Bc5 4. Nc3 0-0 5. e3 Nc6 6. Nge2 Re8 7. 0-0 d6 8. a3 a6 9. d3 Ba7 10. b4 Bd7 11. Bb2 Qc8 12. Nd5 Nxd5 13. cxd5 Ne7 14. Rc1 Bh3 15. Qb3 Bxg2 16. Kxg2 Qg4 17. f3 Qd7 18. e4 c6 19. dxc6 Nxc6 20. d4 exd4 21. Rfd1 d5 22. Nxd4 Bxd4 23. Bxd4 dxe4 24. Bxg7 Qf5 25. Ba1 Ne5 26. Bxe5 exf3+ 27. Qxf3 Qxf3+ 28. Kxf3 Rxe5 29. Rd7 Rae8 30. Rxb7 Re3+ 31. Kg4 Rxa3 32. Rc5 Re4+ 33. Kh5 Re2 34. Rg5+ Kf8 35. h4 Ree3 36. g4 Rab3 37. Kh6 f6 38. Rgg7 Re4 39. Kxh7 1-0